000
00397nam a2200157Ia 4500
008
100122s9999 xx 000 0 und d
082
_b
72452
_a
823
100
_a
राजे शैलजा
245
_a
ललाट
250
_a
1
260
_b
नवचैतन्य प्रकाशन
_c
1990
300
_a
152
630
_a
ललाट
730
_a
ललाट
942
_c
BOOK
999
_c
388339
_d
388336